00403cam a22001211 450008200140000010000230001424500360003725000110007326000530008430000350013750000680017265000410024000a541.3 GLA1 aGlasstone, Samuel,10aTextbook of physical chemistry, a2d ed. aNew York,bD. Van Nostrand company, inc.c[1946] axiii, 1320 p.billus., diagrs. a"First published September 1940 ... Second edition April 1946." 0aChemistry, Physical and theoretical.